1029 1073 1618 1507 1084 1574 1056 1608 1595 1127 1248 1579 1177 1331 1536 1575 1953 1893 1537 1965 1418 1339 1963 1640 1952 1338 1600 1564 1291 1633 1684 1393 1856 1207 1685 1014 1712 1577 1301 1231 1985 1451 1485 1360 1910 1604 1200 1231 1282 1448 1611 1070 1816 1997 1865 1369 1798 1433 1836 1059 1786 1339 1660 1041 1008 1909 1952 1943 1626 1885 1167 1339 1074 1247 1564 1655 1969 1336 1565 1570 1867 1194 1458 1587 1075 1574 1725 1206 1684 1709 1760 1598 1358 1357 1312 1498 1406 1998 1828 BCNSPRNW ULIB Ver.6.0+V

เปลี่ยนเป็นภาษาไทย

Change to English
 แสดงรายละเอียดบรรณานุกรม
  กลับหน้าหลัก

Brief Record : Get Marc (ISO 2709) : E-mail record : QR code < ปิดหน้าต่าง
LEADER : 00000nam 2200000uu 4500
001    13399114481
003     ULIB
008    120404s2551||||th 000 0 tha d
020    ^a9789741034499
090    ^aนว.^bส192จ 2551
100 0  ^aThe Healer of Mars
245 00 ^aใจดวงเซอร์ ๆ มีเธออยู่ในนั้น/^cThe Healer of Mars
250    ^aพิมพ์ครั้งที่ 1
260    ^aกรุงเทพฯ :^bกรีน-ปัญญาญาณ,^c2551
300    ^a230 หน้า
710 1  ^aกรีน-ปัญญาณาณ
945    ^p180^l0^i15323
995    ^aกัณชพร
999    ^aใช้งานได้ทุกระบบ
รายการนี้ยังไม่มีแท็ก
คุณยังไม่ได้ล็อกอิน คุณสามารถมีกิจกรรมร่วมกับเว็บไซต์ได้ แต่ต้องล็อกอินก่อน ::
  ล็อกอิน

รายการสื่อสารสนเทศ

ลำดับที่ ประเภท เลขเรียก/บาร์โค้ด สถานที่ สถานะ
1. วิทยาศาสตร์การแพทย์ และสุขภาพ
วิทยาศาสตร์การแพทย์ และสุขภาพ
นว. ส192จ 2551  
  Barcode: 15323
ห้องสมุดวิทยาเขตสวรรค์ประชารักษ์
►นวนิยาย
บนชั้น
  ขอยืม

BibComment


ยังไม่เคยถูกคอมเมนท์

คอมเมนท์ทรัพยากรรายการนี้
  คอมเมนท์: ใจดวงเซอร์ ๆ มีเ..


 Copyright 2026. Bcnsprnw @Library